[Event "Challenge"]
[Site "http://www.queenalice.com/game.php?id=447510"]
[Date "2008.8.12"]
[Round "-"]
[White "Nederburg"]
[Black "claudia_gund"]
[Result "1-0"]
[WhiteElo "1554"]
[BlackElo "1317"]

1. e4 Nc6 2. d4 d5 3. e5 Bf5 4. Nf3 f6 5. Bb5 a6 6. Bxc6+ bxc6 7. O-O h5 8. Nh4
Rb8 9. b3 fxe5 10. Nxf5 e6 11. Ne3 Qf6 12. dxe5 Qxe5 13. c3 Be7 14. Re1 Bc5 15.
b4 Bb6 16. c4 d4 17. Nd5 cxd5 18. Rxe5 d3 19. Rxe6+ Kf7 20. cxd5 Kf8 21. Qf3+
Nf6 22. d6 cxd6 23. Rxd6 Rh6 24. Bxh6 gxh6 25. Qxf6+ Kg8 26. Rd7 Bd8 27. Qg7#
1-0

[Event "Challenge"]
[Site "http://www.queenalice.com/game.php?id=448385"]
[Date "2008.8.14"]
[Round "-"]
[White "claudia_gund"]
[Black "Grant_Lee_Buffalo"]
[Result "0-1"]
[WhiteElo "1400"]
[BlackElo "1713"]

1. Nf3 Nc6 2. e4 e5 3. Bc4 h6 4. O-O Nf6 5. d4 d6 6. Na3 exd4 7. b4 Nxb4 8. Nxd4
Bd7 9. Re1 Nc6 10. Bf4 Be7 11. Nf5 O-O 12. Qf3 Qc8 13. e5 dxe5 14. Bxe5 Nxe5 15.
Qe3 Bd6 16. f4 Nxc4 17. Qd4 Nxa3 18. c3 Nc2 19. Qd2 Nxe1 20. Qxe1 Bxf5 21. g3
Re8 22. Qf2 b6 23. Rd1 Bc5 24. h3 Bxf2+ 25. Kxf2 Bxh3 26. Rd3 Ng4+ 27. Kf3 Re3+
28. Rxe3 Nxe3 29. Kxe3 Qg4 30. Ke4 f5+ 31. Ke3 Re8+ 32. Kd2 Qe2+ 33. Kc1 Rd8 34.
Kb1 Rd1# 0-1

[Event "Challenge"]
[Site "http://www.queenalice.com/game.php?id=450004"]
[Date "2008.8.18"]
[Round "-"]
[White "claudia_gund"]
[Black "RicardoFialho"]
[Result "0-1"]
[WhiteElo "1272"]
[BlackElo "1900"]

1. Nf3 Nc6 2. Nc3 Nf6 3. e4 e5 4. Bc4 h6 5. O-O a6 6. b3 Bc5 7. Re1 d6 8. d3 Na5
9. Bd5 Nxd5 10. exd5 Bb4 11. d4 Bxc3 12. dxe5 Bxe1 13. Nxe1 dxe5 14. Bd2 b6 15.
c4 Nb7 16. Nf3 Bg4 17. Bb4 Qf6 18. Qe1 Bxf3 19. gxf3 Nc5 20. Rd1 O-O 21. Bc3
Rfe8 22. Bxe5 Rxe5 23. Qd2 Rae8 24. a4 Nxb3 25. Qc2 Nc5 26. f4 Qxf4 27. h4 Re1+
28. Rxe1 Rxe1+ 29. Kg2 Qg4+ 30. Kh2 Rg1 31. Qb2 Qg2# 0-1

[Event "Challenge"]
[Site "http://www.queenalice.com/game.php?id=450562"]
[Date "2008.8.19"]
[Round "-"]
[White "kuspirov"]
[Black "claudia_gund"]
[Result "1-0"]
[WhiteElo "1318"]
[BlackElo "1236"]

1. d4 Nc6 2. e4 e5 3. d5 d6 4. dxc6 bxc6 5. h3 f6 6. Be3 Rb8 7. b3 g5 8. Qh5+
Ke7 9. Bxg5 fxg5 10. Qxg5+ Nf6 11. Nf3 Rg8 12. Qe3 Ba6 13. Bxa6 Bh6 14. Qxh6 Ke8
15. Bc4 d5 16. exd5 Rxg2 17. Rg1 Rg6 18. Rxg6 hxg6 19. Qh8+ Kd7 20. dxc6+ Kxc6
21. Nxe5+ Kd6 22. Nf7+ Ke7 23. Nxd8 Rxd8 24. Qxd8+ Kxd8 25. Nc3 g5 26. O-O-O+
Ke7 27. Nd5+ Kf7 28. Nxf6+ Kxf6 29. Rd5 a5 30. Kd2 c6 31. Rxa5 Kg6 32. Be2 Kf7
33. Rxg5 Kf6 34. f4 1-0

[Event "Challenge"]
[Site "http://www.queenalice.com/game.php?id=451032"]
[Date "2008.8.20"]
[Round "-"]
[White "Sotev_Ikurtr"]
[Black "claudia_gund"]
[Result "1-0"]
[WhiteElo "1428"]
[BlackElo "1213"]

1. e4 Nc6 2. Nf3 e5 3. Bc4 d6 4. O-O f6 5. d4 Bg4 6. Be3 Qd7 7. d5 Nh6 8. dxc6
Qxc6 9. b3 O-O-O 10. Bxa7 b5 11. Bd5 Qa6 12. Be3 c5 13. a4 c4 14. Nc3 g5 15.
Nxb5 Rd7 16. Bxc4 d5 17. Na7+ Rxa7 18. Bxa6+ Rxa6 19. Qxd5 Rd6 20. Qa8+ Kd7 21.
Rad1 Ke7 22. Bc5 Ke6 23. Qe8+ Be7 24. Rxd6# 1-0

[Event "Challenge"]
[Site "http://www.queenalice.com/game.php?id=451041"]
[Date "2008.8.20"]
[Round "-"]
[White "claudia_gund"]
[Black "Sotev_Ikurtr"]
[Result "0-1"]
[WhiteElo "1256"]
[BlackElo "1392"]

1. Nf3 Nf6 2. e4 Nxe4 3. d3 Nf6 4. Bg5 Nc6 5. d4 d5 6. Bd3 e6 7. O-O Be7 8. Nbd2
O-O 9. Re1 Ng4 10. Nh4 Bxg5 11. Qxg4 Bxh4 12. g3 e5 13. dxe5 Bxg4 14. c4 Bh3 15.
gxh4 Qd7 16. Rad1 Qg4+ 17. Kh1 Qg2# 0-1

[Event "Challenge"]
[Site "http://www.queenalice.com/game.php?id=451486"]
[Date "2008.8.21"]
[Round "-"]
[White "Tlaloc2k"]
[Black "claudia_gund"]
[Result "1-0"]
[WhiteElo "1616"]
[BlackElo "1157"]

1. d4 d5 2. e3 e6 3. c3 c6 4. Bd3 Nf6 5. Nf3 Bd6 6. O-O O-O 7. b4 Qb6 8. a4 Nh5
9. a5 Qd8 10. Bd2 Nf4 11. exf4 f6 12. Be3 Nd7 13. Nbd2 f5 14. Qa4 b5 15. axb6
axb6 16. Qxc6 Nf6 17. Qxa8 Ng4 18. h3 b5 19. hxg4 h6 20. gxf5 exf5 21. Bxb5 h5
22. Qxd5+ Rf7 23. Ne5 g6 24. Qxf7+ Kh8 25. Nxg6# 1-0

[Event "claudia's fun 1"]
[Site "http://www.queenalice.com/game.php?id=452362"]
[Date "2008.8.23"]
[Round "-"]
[White "Nederburg"]
[Black "claudia_gund"]
[Result "1-0"]
[WhiteElo "1608"]
[BlackElo "1290"]

1. e4 d6 2. d4 Nc6 3. Nf3 Be6 4. d5 Bg4 5. dxc6 Nf6 6. cxb7 e5 7. bxa8=Q Qxa8 8.
Qd3 Qb8 9. Qb5+ Qxb5 10. Bxb5+ Kd8 11. Bg5 1-0

[Event "claudia's fun 2"]
[Site "http://www.queenalice.com/game.php?id=452363"]
[Date "2008.8.23"]
[Round "-"]
[White "claudia_gund"]
[Black "Nederburg"]
[Result "0-1"]
[WhiteElo "1278"]
[BlackElo "1629"]

1. d4 d5 2. e3 Nc6 3. Nc3 e5 4. Bb5 Bd7 5. Nf3 Qf6 6. b4 Bxb4 7. O-O Bxc3 8. Rb1
a6 9. Bc4 exd4 10. exd4 dxc4 11. Qe2+ Be6 0-1

[Event "gundxgund"]
[Site "http://www.queenalice.com/game.php?id=452447"]
[Date "2008.8.23"]
[Round "-"]
[White "claudia_gund"]
[Black "ClaudioGund"]
[Result "0-1"]
[WhiteElo "1157"]
[BlackElo "1312"]

1. Nf3 d5 2. e3 Nc6 3. Bd3 g6 4. O-O e5 5. Nc3 Nf6 6. b3 Bh6 7. Nxe5 Nxe5 8. Qf3
Nxf3+ 9. gxf3 Bh3 10. e4 Bxf1 11. Kxf1 d4 12. Nb5 c6 13. Nxd4 Qxd4 14. c4 Qxa1
15. e5 Qxc1+ 16. Kg2 Nh5 17. f4 Nxf4+ 18. Kf3 Nxd3 19. a4 Qxd2 20. h4 Qxf2+ 21.
Kg4 Qf4+ 22. Kh3 Nf2+ 23. Kg2 Ng4 24. Kh3 f5 25. Kg2 Rd8 26. e6 Qf2+ 27. Kh1
Rd1# 0-1

[Event "Challenge"]
[Site "http://www.queenalice.com/game.php?id=458737"]
[Date "2008.9.5"]
[Round "-"]
[White "claudia_gund"]
[Black "Tlaloc2k"]
[Result "0-1"]
[WhiteElo "1157"]
[BlackElo "1618"]

1. e3 e5 2. Bc4 d5 3. Bb3 Nf6 4. Nf3 Nc6 5. O-O Bd6 6. Ng5 O-O 7. a4 e4 8. d4
Ng4 9. h3 Nh6 10. c4 Qxg5 11. f4 Qg3 12. cxd5 Bxh3 13. Qh5 Qxg2# 0-1